KOHA-Header-6

Mathematical Methods (Record no. 8656)

000 -LEADER
fixed length control field 00206nam a2200097Ia 4500
100 ## - MAIN ENTRY--AUTHOR NAME
Personal name S.M.Yusuf
245 #0 - TITLE STATEMENT
Title Mathematical Methods
260 ## - PUBLICATION, DISTRIBUTION, ETC. (IMPRINT)
Place of publication Lahore
Name of publisher Ilmi Kitab Khana
Year of publication 2001
300 ## - PHYSICAL DESCRIPTION
Number of Pages 363
942 ## - ADDED ENTRY ELEMENTS (KOHA)
Koha item type Books
Holdings
Withdrawn status Lost status Collection code Permanent Location Current Location Shelving location Date acquired Full call number Accession Number Koha item type
    Mathematics MAJU MAJU Shelf No.A26 2019-09-14 515.2 3536 Mathematics

Powered by Koha